Devinez le Pays Mystère #151 - Statistiques

Statistiques générales
  • Ce quiz a été pris 314 fois
  • Le résultat moyen est 9 sur 13
Statistiques - réponses
Type de Réponse Réponse % Correct
Lettre Trouvée A
99%
Lettre Trouvée N
96%
Lettre Trouvée C
92%
Lettre Bien Placée C
89%
Lettre Bien Placée A
81%
Lettre Bien Placée N
78%
Lettre Trouvée O
66%
Lettre Bien Placée O
61%
Lettre Trouvée M
59%
Lettre Bien Placée O
59%
Lettre Trouvée O
59%
Lettre Bien Placée M
57%
Pays Mystère Monaco
56%
Aucun quiz correspondant
Distribution des résultats
% des personnes avec chaque résultat
Percentile par nombre de réponses
Votre historique - résultats
Vous n’avez pas pris ce quiz